| 000 | 00892nam a22002657a 4500 | ||
|---|---|---|---|
| 001 | 7841 | ||
| 003 | DO-SdBNP | ||
| 005 | 20240415094445.0 | ||
| 007 | 7841 | ||
| 008 | 160921b2013 mx || 00| 0 spa d | ||
| 040 |
_bBPMSU _cspa _dBPMSU |
||
| 082 | 4 |
_a320.97284 _bS194b 2013 _222 |
|
| 100 | 1 | _aSánchez Cerén, Salvador | |
| 245 | 1 | 3 |
_aEl buen vivir en el Salvador : _bconstruyendo un nuevo paradigma / _cSalvador Sánchez Cerén ; colaboradores Luis Armando González... [y otros] |
| 260 |
_aMéxico : _bLos planes, _c2013 |
||
| 300 |
_a40 p. ; _b23 cm. |
||
| 590 | _aInventariado, 2024/VM | ||
| 650 | 4 |
_aIntegración social _x |
|
| 650 | 4 | _aDesarrollo sostenible | |
| 651 | 4 |
_aEl Salvador _xPolítica y gobierno |
|
| 700 | 1 |
_aGonzález, Luis Armando _ecolaborador |
|
| 710 | _aBiblioteca Nacional de El Salvador | ||
| 910 | _aVMateo V. Contorl de calidad. BPMSU | ||
| 942 |
_2ddc _cBK |
||
| 999 |
_c14627 _d14627 |
||